000 00465nam a2200169 i 4500
001 bg
100 1 _aASINOVSKAJA, G. A.
245 0 _aGazovaja svarka i naplavka cvetnych metallov i splavov /
_cG.A. Asinovskaja, P.M. Ljubalin, V.I. Kolycev.
260 _aMoskva,
_c1974.
700 1 _aLJUBALIN, P. M.
700 1 _aKOLYCEV, V. I.
040 _cBPK
041 _apol
080 _a621.791:669.2/.8
942 _cKS
008 s pl f |000 0 pol
999 _c26718
_d26718
856 _uhttp://koha.tu.koszalin.pl/cgi-bin/koha/opac-detail.pl?biblionumber=26718
_yKatalog online BPK